<?xml version="1.0" encoding="UTF-8"?>
<record
    xmlns:xsi="http://www.w3.org/2001/XMLSchema-instance"
    xsi:schemaLocation="http://www.loc.gov/MARC21/slim http://www.loc.gov/standards/marcxml/schema/MARC21slim.xsd"
    xmlns="http://www.loc.gov/MARC21/slim">

  <leader>01320cam a2200337I  4500</leader>
  <controlfield tag="001">9030</controlfield>
  <controlfield tag="003">MCM</controlfield>
  <controlfield tag="005">20211208234713.0</controlfield>
  <controlfield tag="008">140120s1957    paua     b    100 0 engm </controlfield>
  <datafield tag="035" ind1=" " ind2=" ">
    <subfield code="a">9075</subfield>
  </datafield>
  <datafield tag="035" ind1=" " ind2=" ">
    <subfield code="a">(OCoLC)01090496</subfield>
  </datafield>
  <datafield tag="035" ind1=" " ind2=" ">
    <subfield code="a">GLIS00162147</subfield>
  </datafield>
  <datafield tag="040" ind1=" " ind2=" ">
    <subfield code="a">DLC</subfield>
    <subfield code="c">NED</subfield>
    <subfield code="d">OCL</subfield>
    <subfield code="d">BD-RjUL</subfield>
    <subfield code="b">eng</subfield>
  </datafield>
  <datafield tag="041" ind1=" " ind2=" ">
    <subfield code="a">eng</subfield>
  </datafield>
  <datafield tag="082" ind1=" " ind2=" ">
    <subfield code="a">537.622</subfield>
    <subfield code="b">SEM 1957</subfield>
  </datafield>
  <datafield tag="090" ind1=" " ind2=" ">
    <subfield code="a">QC612.S4</subfield>
    <subfield code="b">C748 1956</subfield>
  </datafield>
  <datafield tag="099" ind1=" " ind2=" ">
    <subfield code="a">QC612.S4.C748 1956</subfield>
  </datafield>
  <datafield tag="111" ind1="2" ind2=" ">
    <subfield code="a">Conference on the Physics of Semiconductor Surfaces</subfield>
    <subfield code="d">(1956 :</subfield>
    <subfield code="c">Philadelphia, Pa.)</subfield>
    <subfield code="9">28034</subfield>
  </datafield>
  <datafield tag="245" ind1="1" ind2="0">
    <subfield code="a">Semiconductor surface physics /</subfield>
    <subfield code="b">[Proceedings of the Conference on the Physics of Semiconductor Surfaces held at Philadelphia, Pennsylvania, June 4-6, 1956]</subfield>
    <subfield code="c">Edited by R. H. Kingston with the assistance of E. Burstein [and others]</subfield>
  </datafield>
  <datafield tag="260" ind1=" " ind2=" ">
    <subfield code="a">Philadelphia :</subfield>
    <subfield code="b">University of Pennsylvania Press,</subfield>
    <subfield code="c">[1957]</subfield>
  </datafield>
  <datafield tag="300" ind1=" " ind2=" ">
    <subfield code="a">xvi, 413 p. :</subfield>
    <subfield code="b">illus., diagrs. ;</subfield>
    <subfield code="c">22 cm.</subfield>
  </datafield>
  <datafield tag="504" ind1=" " ind2=" ">
    <subfield code="a">Includes bibliographies.</subfield>
  </datafield>
  <datafield tag="650" ind1=" " ind2="0">
    <subfield code="a">Semiconductors</subfield>
    <subfield code="v">Congresses.</subfield>
    <subfield code="9">28029</subfield>
  </datafield>
  <datafield tag="650" ind1=" " ind2="0">
    <subfield code="a">Surfaces (Technology)</subfield>
    <subfield code="v">Congresses.</subfield>
    <subfield code="9">28030</subfield>
  </datafield>
  <datafield tag="700" ind1="1" ind2=" ">
    <subfield code="a">Kingston, Robert Hildreth,</subfield>
    <subfield code="d">1928-</subfield>
    <subfield code="9">28031</subfield>
  </datafield>
  <datafield tag="710" ind1="1" ind2=" ">
    <subfield code="a">United States.</subfield>
    <subfield code="b">Office of Naval Research.</subfield>
    <subfield code="9">25971</subfield>
  </datafield>
  <datafield tag="710" ind1="2" ind2=" ">
    <subfield code="a">University of Pennsylvania.</subfield>
    <subfield code="9">28032</subfield>
  </datafield>
  <datafield tag="710" ind1="2" ind2=" ">
    <subfield code="a">Lincoln Laboratory.</subfield>
    <subfield code="9">28033</subfield>
  </datafield>
  <datafield tag="942" ind1=" " ind2=" ">
    <subfield code="2">ddc</subfield>
    <subfield code="c">BK</subfield>
  </datafield>
  <datafield tag="999" ind1=" " ind2=" ">
    <subfield code="c">9030</subfield>
    <subfield code="d">9030</subfield>
  </datafield>
  <datafield tag="952" ind1=" " ind2=" ">
    <subfield code="0">0</subfield>
    <subfield code="1">0</subfield>
    <subfield code="2">ddc</subfield>
    <subfield code="4">0</subfield>
    <subfield code="7">1</subfield>
    <subfield code="8">NFIC</subfield>
    <subfield code="a">RUCL</subfield>
    <subfield code="b">RUCL</subfield>
    <subfield code="c">stack</subfield>
    <subfield code="d">1962-01-30</subfield>
    <subfield code="e">B.H. Black well</subfield>
    <subfield code="g">3.40</subfield>
    <subfield code="l">0</subfield>
    <subfield code="o">537.622 SEM 1957</subfield>
    <subfield code="r">2014-01-20 00:00:00</subfield>
    <subfield code="t">C-1</subfield>
    <subfield code="w">2021-12-08</subfield>
    <subfield code="y">BK</subfield>
  </datafield>
</record>
